01921nam a22002297a 4500040000700000082000800007100003000015245008100045260008300126942000700209999001500216952014600231952014600377952014600523952014600669952014600815952014600961952014601107952014601253952014601399952014601545 cHS a301 aទាវ ឆៃសុក aវប្បធម៍ -អរិយធម៍ខ្មែរ -ឥណ្ឌា aវិទ្យាល័យទួលគោកbទាវ ឆៃសុកc1972 cKB c8444d8444 0010406301_ទាវ_1972_000000000000000_C07470948405aLBCbLBCcC074d2016-08-01o301​ ទាវ 1972 C074pRUA035431r2016-08-01yKB 0010406301_ទាវ_1972_000000000000000_C07470948406aLBCbLBCcC074d2016-08-01o301​ ទាវ 1972 C074pRUA035664r2016-08-01yKB 0010406301_ទាវ_1972_000000000000000_C07470948407aLBCbLBCcC074d2016-08-01o301​ ទាវ 1972 C074pRUA035489r2016-08-01yKB 0010406301_ទាវ_1972_000000000000000_C19670948408aLBCbLBCcC196d2016-08-01o301​ ទាវ 1972 C196pRUA035494r2016-08-01yKB 0010406301_ទាវ_1972_000000000000000_C07470948409aLBCbLBCcC074d2016-08-01o301​ ទាវ 1972 C074pRUA035685r2016-08-01yKB 0010406301_ទាវ_1972_000000000000000_C19670948410aLBCbLBCcC196d2016-08-01o301​ ទាវ 1972 C196pRUA035563r2016-08-01yKB 0010406301_ទាវ_1972_000000000000000_C19670948411aLBCbLBCcC196d2016-08-01o301​ ទាវ 1972 C196pRUA035511r2016-08-01yKB 0010406301_ទាវ_1972_000000000000000_C07470948412aLBCbLBCcC074d2016-08-01o301​ ទាវ 1972 C074pRUA035533r2016-08-01yKB 0010406301_ទាវ_1972_000000000000000_C19670948413aLBCbLBCcC196d2016-08-01o301​ ទាវ 1972 C196pRUA035432r2016-08-01yKB 0010406301_ទាវ_1972_000000000000000_C19670948414aLBCbLBCcC196d2016-08-01o301​ ទាវ 1972 C196pRUA035708r2016-08-01yKB